Antique trader guide to fakes & reproductions / (Record no. 26766)

000 -LEADER
fixed length control field 01166cam a22003014a 4500
001 - CONTROL NUMBER
control field 12236065
005 - DATE AND TIME OF LATEST TRANSACTION
control field 20170206110208.0
008 - FIXED-LENGTH DATA ELEMENTS--GENERAL INFORMATION
fixed length control field 001120s2001 wiua 001 0 eng
010 ## - LIBRARY OF CONGRESS CONTROL NUMBER
LC control number 00111278
020 ## - INTERNATIONAL STANDARD BOOK NUMBER
International Standard Book Number 0873492366
040 ## - CATALOGING SOURCE
Original cataloging agency DLC
Transcribing agency DLC
Modifying agency DLC
042 ## - AUTHENTICATION CODE
Authentication code pcc
050 00 - LIBRARY OF CONGRESS CALL NUMBER
Classification number NK1128
Item number .C48 2001
100 1# - MAIN ENTRY--PERSONAL NAME
Personal name Chervenka, Mark.
245 10 - TITLE STATEMENT
Title Antique trader guide to fakes & reproductions /
Statement of responsibility, etc. Mark Chervenka.
246 30 - VARYING FORM OF TITLE
Title proper/short title Guide to fakes & reproductions
246 30 - VARYING FORM OF TITLE
Title proper/short title Fakes & reproductions
260 ## - PUBLICATION, DISTRIBUTION, ETC. (IMPRINT)
Place of publication, distribution, etc. Iola, WI :
Name of publisher, distributor, etc. Krause Publications,
Date of publication, distribution, etc. c2001.
300 ## - PHYSICAL DESCRIPTION
Extent 304 p. :
Other physical details ill. (some col.) ;
Dimensions 23 cm.
500 ## - GENERAL NOTE
General note Includes index.
650 #0 - SUBJECT ADDED ENTRY--TOPICAL TERM
Topical term or geographic name as entry element Antiques
General subdivision Expertising.
650 #0 - SUBJECT ADDED ENTRY--TOPICAL TERM
Topical term or geographic name as entry element Antiques
General subdivision Reproduction.
942 ## - ADDED ENTRY ELEMENTS (KOHA)
Source of classification or shelving scheme
Koha item type Hard Covered Materials
Classification part NK1128 .C48 2001
Holdings
Withdrawn status Lost status Source of classification or shelving scheme Damaged status Not for loan Home library Current library Shelving location Date acquired Source of acquisition Total Checkouts Full call number Barcode Date last seen Price effective from Koha item type
          MACHAKOS UNIVERSITY LIBRARY MACHAKOS UNIVERSITY LIBRARY Technical section 06/02/2017 Donation (B.F.A)   NK1128 .C48 2001 33928 23/07/2018 06/02/2017 Hard Covered Materials
© Machakos University Library, Along The Highway, Machakos Wote Rd, Machakos, Kenya P.O. Box 136 - 90100 Machakos - Kenya

Tel: ( +254 ) 723 805829 OR Fax : 044-20353 OR Email: library@mksu.ac.ke